000 01098nam a22003857a 4500
001 BR6002449
003 BR-BrBNA
005 20230928083127.0
007 ta
008 230509b bl.||||| |||| 00| 0 por d
040 _aBR-BrBNA
_bpor
_cBiblioteca Nacional de Agricultura
041 _a(Por)
072 _aL00; E70; Q10
_b9410
_b5214
_b/G514
090 _ 9410 BR6002449
100 1 _aPereira, J.M.
100 1 _aViana, R.S. de M.
100 1 _aOliveira, A.M.P. de
100 1 _aCoelho, I.P.
110 1 _aSecretaria da Agricultura do Maranhao, Sao Luis (Brasil). Servico de Economia Rural
245 1 _aAspectos gerais do leite pasteurizado em Sao Luis 1973 [Maranhao; Brasil]
260 3 _aSao Luis, MA (Brasil):
_c1973.
300 _a57 p.
500 _a35 tables
650 _aGADO LEITEIRO
650 _aLEITE
650 _aLEITE PASTEURIZADO
650 _aCONSUMO
650 _aRENDA FAMILIAR
650 _aABASTECIMENTO
650 _aINDUSTRIA ALIMENTICIA
650 _aSAO LUIS
650 _aMARANHAO
909 _a202309
_bLucia
_c55
_dLucia Elande
942 _cBK
999 _c11706
_d11706